Normal view
MARC view
- Casimiro, Antonio
Entry Personal Name
001 - CONTROL NUMBER
- control field: 81604
003 - CONTROL NUMBER IDENTIFIER
- control field: NUST
005 - DATE AND TIME OF LATEST TRANSACTION
- control field: 20210823115826.0
008 - FIXED-LENGTH DATA ELEMENTS
- fixed length control field: 210823|| aca||aabn | a|a d
040 ## - CATALOGING SOURCE
- Original cataloging agency: NUST
- Transcribing agency: NUST
100 ## - HEADING--PERSONAL NAME
- Personal name: Casimiro, Antonio
670 ## - SOURCE DATA FOUND
- Source citation: Work cat.: (NUST)32917: Casimiro, Antonio., Architecting dependable systems VII /, 2010.
